| 000 | 01091nam a2200265Ia 4500 | ||
|---|---|---|---|
| 003 | OSt | ||
| 005 | 20220923211239.0 | ||
| 006 | a|||||r|||| 00| 0 | ||
| 007 | ta | ||
| 008 | 220922b |||||||| |||| 00| 0 hin d | ||
| 020 |
_a9788174792211 (hbk) _c395 |
||
| 024 | _a348,241 | ||
| 037 |
_b244, 16/01/2019, Eastern Book Linkers _cTextual |
||
| 040 |
_aARTS _cARTS _bhin |
||
| 041 |
_2hin _ahin |
||
| 082 | _aY:45:61.2, 152Q9 | ||
| 100 |
_aअग्रवाल, देवी दयाल, ले. _9160020 |
||
| 245 | 0 |
_aभारत में गुप्तचर और पुलिस प्रणाली _b वर्तमान काल तक |
|
| 246 | _aBhārat mean guptachar aur pulis praṇālī: vartamān kāl taka | ||
| 260 |
_aनयी दिल्ली _b कावेरी बुक्स _c2019 |
||
| 300 |
_a141पृ. _ccm. |
||
| 650 | _aसमाजशास्त्र | ||
| 942 |
_hY:45:61.2, 152Q9 _cTEXL _2CC |
||
| 999 |
_c297602 _d297602 |
||